000 00942cad a22002055a 4500
001 L155082
008 120228s2008 xxk f 000 0 eng d
035 _a(Sirsi) u155082
041 0 _aeng
110 2 _aNational Buildings Specification
_95911
245 0 0 _aDesign and specification
_bCPIC and Uniclass - who, what and why?
_h[electronic resource]
260 _a[S.l.]
_bNBS
_c2008
520 _aAn overview of the Construction Project Information Committee (CPIC) of which RICS is one of the sponsors; Uniclass; production information and the Avanti project; Uniclass development; illustration of the use of Uniclass tables with the RIBA stages.
590 _aKA
651 4 _aUnited Kingdom
_y
690 _aProject management
_96261
690 _aConstruction management
_96230
856 4 0 _uhttps://www.thenbs.com/topics/DesignSpecification/articles/CPICandUniclass.asp
_zView the item free of charge at www.thenbs.com
942 _n0
999 _c113312
_d113312